000 00574cam a2200145 4500500
005 20260208002339.0
041 _afre
042 _adc
100 1 0 _aLardinois, Roland
_eauthor
245 0 0 _aVeena Das, éd. The Oxford India Companion to Sociology and Social Anthropology. New Delhi-Oxford, Oxford University Press, 2003, 2 vol., 1660 p., bibl., index, ill.
260 _c2005.
500 _a74
786 0 _nL'Homme | 174 | 2 | 2005-06-01 | p. 277h-329h | 0439-4216
856 4 1 _uhttps://shs.cairn.info/revue-l-homme-2005-2-page-277h?lang=fr&redirect-ssocas=7080
999 _c1645953
_d1645953